000 01083nam a2200241Ia 4500
999 _c41396
_d41396
001 8058
003 GE_BSU
005 20200116151000.0
008 181216s2012||||ge |||||||||||||| ||geo||
020 _a9789941926396
040 _cGE_BSU
041 _ageo
080 _a793.3.087.68(479.22) უ–30
100 _aუთმელიძე, თენგიზ
_96164
245 _a"სუხიშვილები" : რომანტიკული ფოტომატიანე /
_cთენგიზ უთმელიძე ; რედ. ნოდარ გურაბანიძე.
264 _aთბილისი,
_c2012.
300 _a246 გვ.:
_bფოტ. ;
_c29 სმ.
653 _a ქართული ქორეოგრაფია - ფოტოალბომები
653 _aქართველი ქორეოგრაფები
653 _a ქართული ცეკვის ანსამბლები
700 _aგურაბანიძე, ნ.
_eრედაქტორი
_96165
942 _cBK
_2udc